000
00269nam a22001097a 4500
082
_a
004.16 GOO'H
100
_a
GOODMAN, DANNY
_9
66404
245
_a
HOW TO BUY AND IBMPC OR COMPITABLE COMPUTER
260
_a
NEWYORK
_b
PC WORLD BOOK
_c
1984
300
_a
207P
942
_c
BK
999
_c
574381
_d
574381